000 00667cam a22002411 4500
999 _c9465
_d9465
001 9465
003 BD-JhCC
005 20190406105225.0
008 790726s1953 nyua 000 0 eng
035 _a(OCoLC)5214120
_a(BD-JhCC)9465
040 _aDLC
_cOCl
_dDLC
_dBD-JhCC
041 _aeng
050 0 0 _aT39
_b.L43 1953
082 _a926
_bLAR 1953
100 1 _aLarsen, Egon,
_d1904-
245 1 0 _aMen who changed the world :
_bstories of invention and discovery /
_bby Egon Larsen [pseud.
250 _a2d ed.]
260 _aNew York,
_bRoy Publishers
_c[1953]
300 _a224 p.
_billus.
_c22 cm.
650 0 _aInventors.
942 _2ddc
_cBK